| 000 | 00711 a2200205 4500 | ||
|---|---|---|---|
| 020 | _a0126443750 | ||
| 040 |
_aDLC _bDLC |
||
| 082 | 0 | 0 | _a005.756 |
| 100 | 1 | _aSimovici, Dan A. | |
| 245 | 1 | 0 |
_aRelational database systems _cDan A. Simovici and Richard L. Tenney. |
| 246 | 3 | _aRelational data base systems | |
| 260 |
_aSan Diego : _bAcademic Press, _cc1995. |
||
| 300 |
_axiv, 485 p. : _bill. ; _c24 cm. |
||
| 500 | _aPhotocopy | ||
| 650 | 0 | _aRelational databases. | |
| 700 | 1 | _aTenney, Richard L. | |
| 856 | 4 | 2 |
_3Publisher description _uhttp://www.loc.gov/catdir/description/els032/95010873.html |
| 856 | 4 | 2 |
_3Table of contents _uhttp://www.loc.gov/catdir/toc/els032/95010873.html |
| 942 |
_cBK _k005.756 SIM _2ddc |
||
| 999 |
_c6545 _d6545 |
||